| 000 | 01462nam a2200361Ia 4500 | ||
|---|---|---|---|
| 001 | ebr10194120 | ||
| 003 | CaPaEBR | ||
| 006 | m u | ||
| 007 | cr cn||||||||| | ||
| 008 | 061205s2007 nyua sb 001 0 eng d | ||
| 010 | _z 2006052886 | ||
| 020 | _z1403979707 | ||
| 020 | _z9781403979704 | ||
| 040 |
_aCaPaEBR _cCaPaEBR |
||
| 035 | _a(OCoLC)647663685 | ||
| 050 | 1 | 4 |
_aP96.I53 _bM55 2007eb |
| 082 | 0 | 4 |
_a302.23 _222 |
| 100 | 1 |
_aMiller, Derek _q(Derek B.) |
|
| 245 | 1 | 0 |
_aMedia pressure on foreign policy _h[electronic resource] : _bthe evolving theoretical framework / _cby Derek B. Miller. |
| 250 | _a1st ed. | ||
| 260 |
_aNew York : _bPalgrave Macmillan, _c2007. |
||
| 300 |
_ax, 244 p. : _bill. |
||
| 490 | 1 | _aPalgrave Macmillan series in international political communication | |
| 504 | _aIncludes bibliographical references and index. | ||
| 533 |
_aElectronic reproduction. _bPalo Alto, Calif. : _cebrary, _d2009. _nAvailable via World Wide Web. _nAccess may be limited to ebrary affiliated libraries. |
||
| 650 | 0 | _aMass media and international relations. | |
| 650 | 0 | _aPropaganda, International. | |
| 650 | 0 | _aWorld politics in mass media. | |
| 655 | 7 |
_aElectronic books. _2local |
|
| 710 | 2 | _aebrary, Inc. | |
| 830 | 0 | _aPalgrave Macmillan series in international political communication. | |
| 856 | 4 | 0 |
_uhttp://site.ebrary.com/lib/rucke/Doc?id=10194120 _zAn electronic book accessible through the World Wide Web; click to view |
| 999 |
_c221280 _d221280 |
||